Представление документа в формате MARC21

Поле Инд. ПП Название Значение
Тип записи a
Библиографический уровень b
001 Контрольный номер RU/IS/BASE/105456931
005 Дата корректировки 20200601191445.5
084 a Индекс другой классификации/Индекс ББК 66.1(0)5-191
a Индекс другой классификации/Индекс ББК 60.027.9
a Индекс другой классификации/Индекс ББК 60.001(4Вел)5
100 1_ a Автор Самсонова Т. Н.
245 a Заглавие Проблема равенства в утопическом коммунизме XVI - начала XVII в.
504 a Библиография Библиогр. ссылки. - Примеч.
600 a Персоналии Мор Томас
650 a Основная рубрика история политических учений
a Основная рубрика история философии
a Основная рубрика политика
a Основная рубрика социальная философия
a Основная рубрика философия
653 a Ключевые слова "Утопия"
a Ключевые слова XVI век
a Ключевые слова XVII век
a Ключевые слова Великобритания
a Ключевые слова гендерные отношения
a Ключевые слова государство
a Ключевые слова гуманизм
a Ключевые слова гуманисты
a Ключевые слова идеальное государство
a Ключевые слова образование
a Ключевые слова общественная собственность
a Ключевые слова общественное устройство
a Ключевые слова общественные отношения
a Ключевые слова политическая философия (философия политики)
a Ключевые слова политические учения
a Ключевые слова социальное неравенство
a Ключевые слова социальное равенство
a Ключевые слова справедливость
a Ключевые слова утопизм
a Ключевые слова утопический коммунизм
a Ключевые слова утопический социализм
a Ключевые слова утопическое государство
a Ключевые слова утопия
a Ключевые слова история социальной философии
773 t Заглавие источника Вестник Московского университета. Серия 18, Социология и политология
d Дата издания источника 2003
g Прочая информация № 1. - С. 96 - 113
w Контрольный № источника RU/IS/BASE/103733045
901 t Тип документа b